Enemy or ally? (Country Edition) - Statistics

General Stats
  • This quiz has been taken 97 times
  • The average score is 9 of 11
Answer Stats
Question Answer % Correct
United States and Canada. Ally
100%
UK and United States. Ally
100%
China and Taiwan. Enemy
100%
Russia and Finland. Enemy
94%
China and United States. Enemy
94%
Iran and Saudi Arabia. Enemy
88%
France and Libya. Enemy
81%
Algeria and Egypt. Ally
75%
China and Indonesia. Ally
69%
Mexico and United States Ally
69%
Peru and Chile. Enemy
56%
No matching quizzes found
Score Distribution
Percent of People with Each Score
Percentile by Number Answered
Your Score History
You have not taken this quiz